Viaje a liliput /

Guardado en:
Autor Principal: Swift, Jonathan
Formato: Libro
Publicado: Madrid : Unidad Editorial, 1998
Series:Las novelas del verano; No. 44
Materias:
Etiquetas: Agregar Etiqueta
Sin Etiquetas, Sea el primero en etiquetar este registro!
LEADER 00594nam a22002175a 4500
001 CEM.cems010243
005 20080602102115.0
008 130507s1998##################000#0#####d
003 CEMS
020 |a 8481300764 
082 0 4 |a 823.5 
100 1 |a Swift, Jonathan 
245 1 0 |a Viaje a liliput /  |c Jonathan Swift 
260 |a Madrid :  |b Unidad Editorial,  |c 1998 
300 |a 95 p. 
490 0 |a Las novelas del verano; No. 44 
653 |a Literatura 
653 |a Literatura inglesa 
653 |a Novelas 
653 |a Novela inglesa 
859 |a CEMS  |b BIB. CEMS - 11 de abril  |h 823.5  |i Sw54  |p 20759.00  |t Ej.1